Bucaramanga y sus alcaldes, 1622-2004 / (Registro nro. 31087)

Detalles MARC
000 -LEADER
fixed length control field 00766nam a22002177a 4500
003 - CONTROL NUMBER IDENTIFIER
control field OSt
005 - DATE AND TIME OF LATEST TRANSACTION
control field 20250925135143.0
008 - FIXED-LENGTH DATA ELEMENTS--GENERAL INFORMATION
fixed length control field 250925| |||ao||| |||| 00| 0 spa d
020 ## - INTERNATIONAL STANDARD BOOK NUMBER
International Standard Book Number 16222003
037 ## - SOURCE OF ACQUISITION
Source of stock number/acquisition Donación
040 ## - CATALOGING SOURCE
Original cataloging agency CO-JMCR
Transcribing agency CO-JMCR
Modifying agency CO-JMCR
Language of cataloging spa
Description conventions rda
041 0# - LANGUAGE CODE
Language code of text/sound track or separate title spa
082 04 - DEWEY DECIMAL CLASSIFICATION NUMBER
Classification number 986.1
Edition number 23
Item number G27b
100 1# - MAIN ENTRY--PERSONAL NAME
Personal name Gavassa Villamizar, Edmundo,
Dates associated with a name 1940-
Relator term autor.
9 (RLIN) 44342
245 10 - TITLE STATEMENT
Title Bucaramanga y sus alcaldes, 1622-2004 /
Statement of responsibility, etc. Edmundo Gavassa Villamizar.
260 ## - PUBLICATION, DISTRIBUTION, ETC.
Place of publication, distribution, etc. Bucaramanga, Colombia :
Name of publisher, distributor, etc. Liberi Montani Semper,
Date of publication, distribution, etc. 2004.
300 ## - PHYSICAL DESCRIPTION
Extent 208 páginas :
Other physical details Ilustraciones, fotografías ;
Dimensions 23 x 25 cm.
650 24 - SUBJECT ADDED ENTRY--TOPICAL TERM
Topical term or geographic name entry element Alcaldes
Geographic subdivision Colombia
-- Bucaramanga
Form subdivision Biography.
Source of heading or term JMCR
9 (RLIN) 44343
650 24 - SUBJECT ADDED ENTRY--TOPICAL TERM
Topical term or geographic name entry element Historia
Geographic subdivision Bucaramanga
Source of heading or term JMCR
General subdivision alcaldes
9 (RLIN) 44344
942 ## - ADDED ENTRY ELEMENTS (KOHA)
Source of classification or shelving scheme Dewey Decimal Classification
Koha item type Books
Existencias
Withdrawn status Lost status Source of classification or shelving scheme Damaged status Not for loan Collection code Home library Current library Shelving location Date acquired Source of acquisition Total Checkouts Full call number Barcode Date last seen Copy number Price effective from Koha item type
    Dewey Decimal Classification     Non-fiction Biblioteca Pública José María del Castillo y Rada Biblioteca Pública José María del Castillo y Rada Book Cart 09/09/2022 Donación   986.1 G27b 201812645 09/25/2025 Ej.1 09/25/2025 Books